000 00761nam a22002292 4500
001 0000002432
005 20151217154333.0
008 070411s xx 000 0 eng d
020 _a8120313631 :
_cKES 480
040 _aKABU
_cKABU
050 0 _aHF5657.4
_b.A87
100 1 _aAtrill, Peter.
_@0000151794
245 1 0 _aManagement accounting for non-specialists /
_cPeter Atrill and Eddie McLaney.
260 _aNew Delhi :
_bPrentice Hall of India,
_cc1995.
300 _axiv, 330 p. :
_bill. ;
_c24 cm.
504 _aIncludes bibliographical references and index.
650 0 _aManagerial accounting.
_@0000151472
700 1 _aMcLaney, Eddie J.
_@0000151795
908 _a070411
950 _@1
999 _c10591
_d10591